000 00484nam a2200181Ia 4500
008 240925s9999 xx 000 0 und d
020 _a79113648
082 _a005.43 MIL
100 _aMilenkovic, Milan
245 0 _aOperating Systems: concept and design
250 _a2nd
260 _aNew York:
_bMc Graw HIll
_c,1992.
300 _a1067p.
_bNA
_fPirated
500 _aNA
600 _aComputer Science
650 _aComputer science, information & general works
942 _cBK
999 _c6424
_d6424